000 00555nam a2200181Ia 4500
008 151213s9999 xx 000 0 und d
020 _a0-07-253686-1
082 _a658.8342
_b658.8342
100 _aDel.I.Hawkins,Roger J.Best Kenneth A.Coney
245 _aConsumer Behavior concepts&strategics
_cDel.I.Hawkins,Roger J.Best Kenneth A.Coney
250 _a9th
260 _aNew Delhi
_bTata McGrawHill
_c2004
300 _a10434 p.
650 _aMarketing
650 _aMarketing
700 _aDel.I.Hawkins,Roger J.Best Kenneth A.Coney
999 _c4855
_d4855